Villes du Grand Est - Carte Quiz - Statistiques

Statistiques générales
  • Ce quiz a été pris 14 824 fois
  • Le résultat moyen est 9 sur 18
Réponses sur la Carte
Les réponses sont colorées sur une échelle allant du rouge au vert en fonction du pourcentage des utilisateurs qui les ont devinées à leur premier essai. Vous pouvez retrouver ces pourcentages ci-dessous.
 
Statistiques - réponses
Réponse % Correct
Strasbourg
88%
Mulhouse
73%
Metz
68%
Colmar
67%
Nancy
66%
Épinal
60%
Reims
58%
Charleville-Mézières
57%
Troyes
55%
Thionville
47%
Sedan
44%
Bar-le-Duc
42%
Nogent-sur-Seine
42%
Châlons-en-Champagne
41%
Verdun
40%
Chaumont
37%
Toul
35%
Langres
28%
Aucun quiz correspondant
Distribution des résultats
% des personnes avec chaque résultat
Percentile par nombre de réponses
Votre historique - résultats
Vous n’avez pas pris ce quiz